Datum a čas kvízu
22.5
Celkem bodů
Celkový počet nahraných bodů na tomto kvízu bez doplňovacích otázek.
7.
Pořadí na kvízu
Konečné umístění týmu na tomto kvízu.
Zaznamenané odpovědi
| # | Otázka | Odpověď | Body | Výsledky |
|---|---|---|---|---|
| 1. | Jak se jmenuje bývalý karlovar... | Petr Kulhánek | 1 | |
| 2. | Totální chaos, přerušenou dopr... | D) balónek, který uletěl z Oktoberfestu | 0 | |
| 3. | Která hudební legenda vystoupi... | Bob Dylan | 0 | |
| 4. | V pondělí ukončila svůj provoz... | Spojené království / Velká Británie | 0 | |
| 5. | Který český brankář minulý týd... | Vítězslav Jaroš | 0 | |
| 6. | Který stát zcela obklopuje zem... | Jihoafrická republika (JAR, Jižní Afrika) | 1 | |
| 7. | Kaliningrad neboli Královec je... | Přemysla Otakara II. | 0 | |
| 8. | V Pásmu Gazy, jež je v podstat... | A | 0 | |
| 9. | V roce 2015 během jediného dne... | Indie a Bangladéš | 0 | |
| 10. | Republika San Marino je druhý... | Rimini | 0 |